000 00682nam a2200241Ia 4500
003 GCL
008 140319s9999 xx 000 0 ara d
040 _aGCL /
_cGCL
082 0 4 _a377.1
_bم ب
100 1 _aمحمد الصايم
245 1 0 _aبيوت لاتدخلها الشياطين /
_cمحمد الصايم
260 _a[S.N] :
_bدار الفضيلة ،
_c1991
300 _a112 ص
490 _a
650 0 4 _aالجنائز
650 0 4 _aالجن
650 0 4 _aالشياطين
650 0 4 _aصفات المؤمنين
650 0 4 _aبيوت المؤمنين
650 0 4 _aطاعةالله
650 0 4 _aالتربية الاسلامية
942 _2ddc
_cBK
999 _c54403
_d54403